Διαθέσιμο φως : ανθρωπολογικοί στοχασμοί για φιλοσοφικά θέματα
Αποθηκεύτηκε σε:
| Κύριος συγγραφέας: | |
|---|---|
| Άλλοι συγγραφείς: | |
| Μορφή: | Βιβλίο |
| Γλώσσα: | Greek English |
| Δημοσίευση: |
Αθήνα :
Αλεξάνδρεια,
2009.
|
| Σειρά: | Ανθρωπολογία (Αλεξάνδρεια)
|
| Θέματα: | |
| Ετικέτες: |
Προσθήκη ετικέτας
Δεν υπάρχουν, Καταχωρήστε ετικέτα πρώτοι!
|
MARC
| LEADER | 00000cam a2200000 i 4500 | ||
|---|---|---|---|
| 001 | 1/2644 | ||
| 008 | 091221s2009 gr | ||| |||| ||gre|| | ||
| 020 | |a 9789602214381 | ||
| 035 | |l 10106091 | ||
| 040 | |a GR-MyUA |b gre |e AACR2 | ||
| 041 | 1 | |a gre |h eng | |
| 082 | 7 | |a 306 |2 (22) | |
| 100 | 1 | |a Geertz, Clifford. | |
| 245 | 1 | 0 | |a Διαθέσιμο φως : |b ανθρωπολογικοί στοχασμοί για φιλοσοφικά θέματα / |c Clifford Geertz ; μετάφραση: Πελαγία Μαρκέτου. |
| 260 | |a Αθήνα : |b Αλεξάνδρεια, |c 2009. | ||
| 300 | |a 327 σ. ; |c 24 εκ. | ||
| 490 | 1 | |a (Ανθρωπολογία / Αλεξάνδρεια) | |
| 500 | |a Μετάφραση από τα αγγλικά. | ||
| 500 | |a Τίτλος πρωτοτύπου: Available light. | ||
| 504 | |a Περιέχει βιβλιογραφικές παραπομπές και ευρετήριο. | ||
| 650 | 0 | 0 | |a Ethnology. |
| 650 | 0 | 0 | |a Philosophy. |
| 650 | 0 | 0 | |a Cultural pluralism. |
| 700 | 1 | |a Μαρκέτου, Πελαγία, |e trl | |
| 830 | 0 | |a Ανθρωπολογία (Αλεξάνδρεια) | |
| 852 | |a INST |b LESVOS |e 20091221 |h 306 GEE |p 005100045921 |q 005100045921 |t BK |y 0 | ||
| 901 | |a BIBL1-2009-4 | ||
| 909 | |a Λ |b 160026 | ||
| 970 | |a ΚΑΡΑ |b ΓΙΑΣΕΜΗ |z 2009/12/21 | ||